[Event "DVM U12 2013"]
[Site "Lichtenfels-Schney GER"]
[Date "2013.12.29"]
[Round "6"]
[White "Garbuz, Vitaliy"]
[Black "Engel, Luis"]
[Result "0-1"]
[Termination "normal"]
[Board "1.1"]
[WhiteElo "1555"]
[BlackElo "1852"]
[WhiteTeam "SF Dortmund-Brackel 1930"]
[BlackTeam "Hamburger SK"]
[WhiteFideId "12990710"]
[BlackFideId "12961523"]
[EventCountry "GER"]
[EventRounds "7"]
[EventType "team-swiss"]
[EventDate "2013.12.26"]

1. e4 c5 2. Nf3 d6 3. d4 cxd4 4. Nxd4 Nf6 5. Nc3 a6 6. Bc4 e6 7. Bb3 Nbd7 8.
Bxe6 fxe6 9. Nxe6 Qb6 10. O-O Ne5 11. Nf4 Be7 12. Nfd5 Nxd5 13. Nxd5 Qd8 14. f4
Nf7 15. f5 O-O 16. f6 Bxf6 17. Nxf6+ gxf6 18. Qh5 Qe7 19. Rf4 Ne5 20. Bd2 Be6
21. Bc3 Rf7 22. Raf1 Raf8 23. Bb4 Qd8 24. Kh1 a5 25. Ba3 Nc4 26. Qh6 b5 27. c3
Nxa3 28. bxa3 Qe7 29. Rh4 Rg7 30. Rff4 Rg6 31. Qh5 Bc4 32. Rf2 Qe5 33. Qf3 d5
34. Rg4 Rxg4 35. Qxg4+ Kh8 36. Qf3 Qxe4 37. Qxe4 dxe4 0-1

[Event "DVM U12 2013"]
[Site "Lichtenfels-Schney GER"]
[Date "2013.12.29"]
[Round "6"]
[White "Salem Elier, Ali"]
[Black "Holinka, Henning"]
[Result "1/2-1/2"]
[Termination "normal"]
[Board "1.3"]
[WhiteElo "1206"]
[BlackElo "1583"]
[WhiteTeam "SF Dortmund-Brackel 1930"]
[BlackTeam "Hamburger SK"]
[WhiteFideId "16217543"]
[BlackFideId "12967084"]
[EventCountry "GER"]
[EventRounds "7"]
[EventType "team-swiss"]
[EventDate "2013.12.26"]

1. e4 e5 2. Nf3 Nc6 3. Bc4 Bc5 4. b4 Bxb4 5. c3 Ba5 6. d4 exd4 7. O-O Nge7 8.
cxd4 d5 9. exd5 Nxd5 10. Ba3 Nce7 11. Qb3 c6 12. Bxe7 Kxe7 13. Bxd5 Qxd5 14.
Qa3+ Kd8 15. Nc3 Bxc3 16. Qxc3 Be6 17. Rab1 Kc8 18. Rb2 f6 19. Rfb1 b6 20. Nd2
Kd7 21. Rc1 Rac8 22. Nb3 Rc7 23. Re1 Re8 24. Rd2 Kc8 25. Rde2 Rd7 26. f4 Kb7
27. Qb2 Ka8 28. Qc2 g6 29. g4 Qf3 30. Rg2 Ree7 31. Rf1 Qe3+ 32. Rff2 Bxb3 33.
Qxc6+ Kb8 1/2-1/2

[Event "DVM U12 2013"]
[Site "Lichtenfels-Schney GER"]
[Date "2013.12.29"]
[Round "6"]
[White "Fuhrmann, Äke"]
[Black "Riede, Niklas"]
[Result "1-0"]
[Termination "normal"]
[Board "1.4"]
[WhiteElo "1423"]
[BlackElo "1081"]
[WhiteTeam "Hamburger SK"]
[BlackTeam "SF Dortmund-Brackel 1930"]
[WhiteFideId "12983853"]
[EventCountry "GER"]
[EventRounds "7"]
[EventType "team-swiss"]
[EventDate "2013.12.26"]

1. c4 e5 2. g3 Nf6 3. Bg2 Bc5 4. Nc3 d6 5. e3 Nc6 6. Nge2 O-O 7. O-O Bg4 8. b3
Re8 9. Bb2 Qd7 10. Kh1 Bh3 11. d4 Bxg2+ 12. Kxg2 Bb4 13. a3 Bxc3 14. Nxc3 Rad8
15. Qd2 h6 16. Rfe1 Nh7 17. f4 exf4 18. exf4 Nf6 19. d5 Ne7 20. Qd4 c5 21. dxc6
bxc6 22. Ne4 Qe6 23. Nxf6+ Qxf6 24. Qxf6 gxf6 25. Bxf6 Rd7 26. Re3 Kf8 27. Rae1
a6 28. Bxe7+ Rdxe7 29. Rxe7 Rxe7 30. Rxe7 Kxe7 31. Kf3 f5 32. g4 Kf6 33. h3 Kg6
34. Ke3 c5 35. b4 h5 36. g5 cxb4 37. axb4 h4 38. b5 axb5 39. cxb5 d5 40. b6 d4+
41. Kxd4 Kg7 42. b7 Kg6 43. b8=Q Kg7 44. Ke5 Kg6 45. Qg8+ 1-0

[Event "DVM U12 2013"]
[Site "Lichtenfels-Schney GER"]
[Date "2013.12.29"]
[Round "6"]
[White "Biastoch, Bennet"]
[Black "Daoud, Marcel"]
[Result "1-0"]
[Termination "normal"]
[Board "2.1"]
[WhiteElo "1713"]
[BlackElo "1638"]
[WhiteTeam "SG Aufbau Elbe Magdeburg"]
[BlackTeam "SK Freising"]
[WhiteFideId "12939889"]
[BlackFideId "12994774"]
[EventCountry "GER"]
[EventRounds "7"]
[EventType "team-swiss"]
[EventDate "2013.12.26"]

1. e4 e6 2. d4 d5 3. Nc3 dxe4 4. Nxe4 Bd7 5. Nf3 Bc6 6. Bd3 Nd7 7. O-O Ngf6 8.
Ng3 Bxf3 9. Qxf3 c6 10. Re1 Be7 11. c3 O-O 12. Bf4 Re8 13. Rad1 Nf8 14. Ne4 Ng6
15. Bc1 Qc7 16. g3 Rad8 17. h4 Nxe4 18. Bxe4 Nf8 19. Kg2 Nd7 20. h5 Nf6 21. Bc2
Rd7 22. h6 g6 23. Bb3 Bd8 24. Re2 Kh8 25. Bf4 1-0

[Event "DVM U12 2013"]
[Site "Lichtenfels-Schney GER"]
[Date "2013.12.29"]
[Round "6"]
[White "Wachtel, Arthur"]
[Black "Roseneck, Jonas"]
[Result "0-1"]
[Termination "normal"]
[Board "2.2"]
[WhiteElo "1434"]
[BlackElo "1744"]
[WhiteTeam "SK Freising"]
[BlackTeam "SG Aufbau Elbe Magdeburg"]
[WhiteFideId "12988510"]
[BlackFideId "12939870"]
[EventCountry "GER"]
[EventRounds "7"]
[EventType "team-swiss"]
[EventDate "2013.12.26"]

1. e4 c5 2. Nf3 d6 3. Bb5+ Bd7 4. Bxd7+ Qxd7 5. Nc3 Nc6 6. d3 Nf6 7. Be3 g6 8.
Qd2 Bg7 9. O-O O-O 10. Bh6 a6 11. Bxg7 Kxg7 12. Rfe1 b5 13. Rad1 Rac8 14. Ne2
Ne5 15. Qf4 Nxf3+ 16. Qxf3 Qc7 17. Ng3 b4 18. Qe2 e6 19. Qf3 a5 20. Qe3 a4 21.
Qg5 h6 22. Qe3 c4 23. Rc1 c3 24. b3 axb3 25. axb3 Ra8 26. Ra1 e5 27. Qf3 Ra5
28. Reb1 Rfa8 29. Qd1 Qa7 30. Rxa5 Qxa5 31. Ne2 d5 32. exd5 Nxd5 33. d4 exd4
34. Qxd4+ Nf6 35. Qd1 Rd8 36. Qe1 Rd2 37. Rc1 Qa2 38. Ng3 Rxc2 39. Rxc2 Qxc2
0-1

[Event "DVM U12 2013"]
[Site "Lichtenfels-Schney GER"]
[Date "2013.12.29"]
[Round "6"]
[White "Niemann, Alexander"]
[Black "Oelmaier, Manuel"]
[Result "1-0"]
[Termination "normal"]
[Board "2.3"]
[WhiteElo "1637"]
[BlackElo "1114"]
[WhiteTeam "SG Aufbau Elbe Magdeburg"]
[BlackTeam "SK Freising"]
[WhiteFideId "12939862"]
[EventCountry "GER"]
[EventRounds "7"]
[EventType "team-swiss"]
[EventDate "2013.12.26"]

1. e4 e6 2. d4 d5 3. Nd2 dxe4 4. Nxe4 Bd7 5. Nf3 Bc6 6. Bd3 Nd7 7. O-O Ngf6 8.
Ng3 Bxf3 9. Qxf3 Be7 10. Qxb7 O-O 11. Qf3 Rb8 12. b3 Re8 13. c4 Qc8 14. Bb2 Qa6
15. a3 Rxb3 16. Bxh7+ Nxh7 17. Qxb3 Rb8 18. Qc3 Bf6 19. Ne4 Qa4 20. Nxf6+ Nhxf6
21. d5 exd5 22. cxd5 Nxd5 23. Qxg7# 1-0

[Event "DVM U12 2013"]
[Site "Lichtenfels-Schney GER"]
[Date "2013.12.29"]
[Round "6"]
[White "Seidenberger, Florian"]
[Black "Cejda, Cecilia"]
[Result "0-1"]
[Termination "normal"]
[Board "2.4"]
[WhiteElo "810"]
[BlackElo "1552"]
[WhiteTeam "SK Freising"]
[BlackTeam "SG Aufbau Elbe Magdeburg"]
[BlackFideId "12921122"]
[EventCountry "GER"]
[EventRounds "7"]
[EventType "team-swiss"]
[EventDate "2013.12.26"]

1. d4 Nf6 2. Nf3 g6 3. Bg5 Bg7 4. e3 Nc6 5. Bd3 d6 6. c3 O-O 7. O-O Bg4 8. Be2
Ne4 9. Bf4 e5 10. dxe5 dxe5 11. Qxd8 Rfxd8 12. h3 Bxf3 13. Bxf3 exf4 14. Bxe4
fxe3 15. fxe3 Ne5 16. Bxb7 Rab8 17. Be4 Rxb2 18. Na3 Rb6 19. Rad1 Rbd6 20. Rxd6
Rxd6 21. Nb5 Ra6 22. Nxc7 Rxa2 23. Rd1 h5 24. Rd8+ Kh7 25. Bd5 Rc2 26. Bxf7
Nxf7 27. Rd7 Ne5 28. Re7 Kh6 29. Nd5 a5 30. Ra7 Ra2 31. Nb6 Nd3 32. c4 Be5 33.
Kf1 Bh2 34. h4 Rf2# 0-1

[Event "DVM U12 2013"]
[Site "Lichtenfels-Schney GER"]
[Date "2013.12.29"]
[Round "6"]
[White "Schnabel, Bennett"]
[Black "Hofmann, Rares"]
[Result "1/2-1/2"]
[Termination "normal"]
[Board "3.1"]
[WhiteElo "1709"]
[BlackElo "1789"]
[WhiteTeam "Treptower SV 1949"]
[BlackTeam "TuS Coswig 1920"]
[WhiteFideId "12943290"]
[BlackFideId "12976440"]
[EventCountry "GER"]
[EventRounds "7"]
[EventType "team-swiss"]
[EventDate "2013.12.26"]

1. d4 Nf6 2. Nd2 d5 3. Ngf3 e6 4. e3 c5 5. c3 Nc6 6. Bd3 Bd6 7. O-O O-O 8. e4
cxd4 9. cxd4 dxe4 10. Nxe4 Be7 11. Bb1 Nxe4 12. Bxe4 Bf6 13. d5 exd5 14. Bxd5
Bg4 15. h3 Bh5 16. Be3 Qc7 17. Qb3 Rfd8 18. Be4 Qe7 19. Qb5 Qxe4 20. Qxh5 Rd5
21. Qg4 Qxg4 22. hxg4 Rad8 23. g5 Bd4 24. Nxd4 Nxd4 25. Bxd4 Rxd4 26. Kh2 Rd2
27. b3 Kf8 28. Kg3 Rc2 29. Rfc1 Rdd2 30. Rxc2 Rxc2 31. f3 Ke7 32. b4 Kd6 33.
Rd1+ Ke6 34. Re1+ Kd7 35. a4 Rc4 36. Rb1 Kc6 37. f4 a5 38. bxa5 Rxa4 39. Rb6+
Kc7 40. Rb5 1/2-1/2

[Event "DVM U12 2013"]
[Site "Lichtenfels-Schney GER"]
[Date "2013.12.29"]
[Round "6"]
[White "Kunath, Tim"]
[Black "Petersen, Marcel"]
[Result "0-1"]
[Termination "normal"]
[Board "3.2"]
[WhiteElo "1552"]
[BlackElo "1581"]
[WhiteTeam "TuS Coswig 1920"]
[BlackTeam "Treptower SV 1949"]
[WhiteFideId "12985074"]
[BlackFideId "12935670"]
[EventCountry "GER"]
[EventRounds "7"]
[EventType "team-swiss"]
[EventDate "2013.12.26"]

1. e4 c5 2. Nf3 d6 3. d4 cxd4 4. Nxd4 Nf6 5. Nc3 g6 6. Be3 Bg7 7. f3 O-O 8. Qd2
Nc6 9. O-O-O Bd7 10. g4 a6 11. h4 h5 12. gxh5 Nxh5 13. Be2 b5 14. f4 b4 15. Nb1
Ng3 16. Rhg1 Nxd4 17. Bxd4 Nxe4 18. Qe3 Nf6 19. h5 Bf5 20. hxg6 fxg6 21. Bc4+
Kh7 22. Rh1+ Bh6 23. Be6 Nh5 24. Bxf5 Rxf5 25. Rdf1 e5 26. Bb6 Qf6 27. Nd2 exf4
28. Qf3 d5 29. Nc4 Ng3 30. Rxh6+ Kxh6 31. Rf2 Re8 32. Rh2+ Nh5 33. Qf2 dxc4 34.
Bd4 Qe6 35. Kd2 Kh7 36. c3 bxc3+ 37. Bxc3 Qe3+ 38. Qxe3 fxe3+ 0-1

[Event "DVM U12 2013"]
[Site "Lichtenfels-Schney GER"]
[Date "2013.12.29"]
[Round "6"]
[White "Hüls, Maximilian"]
[Black "Lehne, Arwin Hugo"]
[Result "1/2-1/2"]
[Termination "normal"]
[Board "3.3"]
[WhiteElo "1609"]
[BlackElo "1336"]
[WhiteTeam "Treptower SV 1949"]
[BlackTeam "TuS Coswig 1920"]
[WhiteFideId "12949698"]
[BlackFideId "12985090"]
[EventCountry "GER"]
[EventRounds "7"]
[EventType "team-swiss"]
[EventDate "2013.12.26"]

1. e4 d5 2. exd5 Qxd5 3. Nc3 Qa5 4. d4 c6 5. Nf3 Nf6 6. Bd2 Bf5 7. Bc4 Qc7 8.
O-O e6 9. Ne5 Bd6 10. f4 O-O 11. Be3 Nbd7 12. h3 h6 13. Qe2 Rfe8 14. Rad1 Nd5
15. Bxd5 exd5 16. Qh5 Bxe5 17. fxe5 Bg6 18. Qf3 Nb6 19. Rf2 Nc4 20. Bc1 Re6 21.
b3 Nb6 22. Ba3 Qd7 23. Rdf1 Rd8 24. Ne2 Be4 25. Qxf7+ Qxf7 26. Rxf7 Rg6 27.
Rf8+ Rxf8 28. Rxf8+ Kh7 29. Nf4 Rg3 30. Bb4 Bxc2 31. Kf2 Rg5 32. Be7 Rf5 33.
Rxf5 Bxf5 34. g4 Bb1 35. a3 Bc2 36. b4 Nc4 37. Bc5 b6 38. Bd6 Kg8 39. Bb8 a6
40. Bc7 b5 41. e6 Kf8 42. Bd8 Ke8 43. e7 Nd6 44. Ne6 Bg6 45. Nc7+ Kd7 46. Nxa6
Nc4 47. Nb8+ Kd6 48. Na6 Nxa3 49. Nc5 Nc4 50. Nd3 Nd2 51. Ne5 Be8 52. Ke2 Ne4
53. Ke3 g5 54. Nf3 Nf6 55. Nd2 Ng8 56. Nf3 Nxe7 57. Bxe7+ Kxe7 58. h4 Bd7 59.
hxg5 hxg5 60. Nxg5 Bxg4 61. Kf4 Bh5 62. Ke5 1/2-1/2

[Event "DVM U12 2013"]
[Site "Lichtenfels-Schney GER"]
[Date "2013.12.29"]
[Round "6"]
[White "Irkilmez, Yakub"]
[Black "Dathe, Frederick"]
[Result "1-0"]
[Termination "normal"]
[Board "4.1"]
[WhiteElo "1542"]
[BlackElo "1521"]
[WhiteTeam "SK Blauer Springer Paderborn"]
[BlackTeam "Schachunion Berlin"]
[WhiteFideId "16204581"]
[BlackFideId "12963070"]
[EventCountry "GER"]
[EventRounds "7"]
[EventType "team-swiss"]
[EventDate "2013.12.26"]

1. d4 d5 2. Nf3 Nf6 3. Bf4 e6 4. e3 c5 5. c3 Bd6 6. Bg3 Nc6 7. Bd3 c4 8. Bc2 b5
9. a3 a5 10. Nbd2 O-O 11. Qe2 Ba6 12. e4 Bxg3 13. hxg3 h6 14. e5 Nh7 15. Nh2 b4
16. Ng4 f5 17. exf6 Nxf6 18. Qxe6+ Rf7 19. Bg6 Qe7 20. Bxf7+ Qxf7 21. Nxf6+
gxf6 22. Qxf7+ Kxf7 23. Nf3 Re8+ 24. Kd2 bxc3+ 25. bxc3 Kg6 26. Rhe1 Rb8 27.
Rab1 Rb3 28. Rxb3 cxb3 29. a4 Bc4 30. Rb1 Nd8 31. Ke3 Nf7 32. Nd2 Nd6 33. f3 b2
34. Rxb2 Bf1 35. Rb6 Nc4+ 36. Nxc4 Bxc4 37. Rc6 Kf5 38. Rc5 1-0

[Event "DVM U12 2013"]
[Site "Lichtenfels-Schney GER"]
[Date "2013.12.29"]
[Round "6"]
[White "Hommel, Niclas"]
[Black "Kesselmeier, Kevin"]
[Result "1-0"]
[Termination "normal"]
[Board "4.2"]
[WhiteElo "1572"]
[BlackElo "1372"]
[WhiteTeam "Schachunion Berlin"]
[BlackTeam "SK Blauer Springer Paderborn"]
[WhiteFideId "12974927"]
[BlackFideId "16217551"]
[EventCountry "GER"]
[EventRounds "7"]
[EventType "team-swiss"]
[EventDate "2013.12.26"]

1. e4 c5 2. Nf3 d6 3. d4 cxd4 4. Nxd4 Nf6 5. Nc3 a6 6. Be3 e5 7. Nb3 Be6 8. Bd3
Be7 9. O-O O-O 10. f3 Nc6 11. Bf2 Rc8 12. Be2 Nh5 13. g3 b5 14. f4 Nf6 15. f5
Bd7 16. g4 Ne8 17. Nd5 Bh4 18. Bxh4 Qxh4 19. c3 Ne7 20. Qe1 Nxf5 21. exf5 Qxe1
22. Raxe1 Rb8 23. h4 f6 24. Nd2 Kf7 25. g5 fxg5 26. hxg5 Kg8 27. Rf2 g6 28. f6
Be6 29. Ne7+ Kf7 30. b3 Nc7 31. Ne4 Rb6 32. Rd1 Ne8 33. Rh2 Rh8 34. Rh6 b4 35.
c4 a5 36. Nxg6 Rg8 37. Ne7 Rh8 38. Bh5+ Kf8 39. Ng6+ 1-0

[Event "DVM U12 2013"]
[Site "Lichtenfels-Schney GER"]
[Date "2013.12.29"]
[Round "6"]
[White "Schlangenotto, Niklas"]
[Black "Sauer, Jakob"]
[Result "0-1"]
[Termination "normal"]
[Board "4.3"]
[WhiteElo "1417"]
[BlackElo "1357"]
[WhiteTeam "SK Blauer Springer Paderborn"]
[BlackTeam "Schachunion Berlin"]
[WhiteFideId "16217560"]
[BlackFideId "16211707"]
[EventCountry "GER"]
[EventRounds "7"]
[EventType "team-swiss"]
[EventDate "2013.12.26"]

1. d4 d5 2. Bf4 e6 3. Nf3 Nf6 4. e3 c5 5. c3 Nc6 6. Bd3 c4 7. Bc2 b5 8. O-O Bd6
9. Ne5 Bxe5 10. dxe5 Ne4 11. f3 Nc5 12. e4 dxe4 13. Qxd8+ Nxd8 14. Bxe4 Nxe4
15. fxe4 O-O 16. a4 bxa4 17. Rxa4 f6 18. Rxc4 Ba6 19. Nd2 Bxc4 20. Nxc4 fxe5
21. Nxe5 a5 22. g3 a4 23. Ra1 Nf7 24. Nd7 Rfd8 25. Nc5 e5 26. Be3 Nd6 27. Ne6
Rdc8 28. Nc5 Nc4 29. Bf2 Nxb2 30. Nd7 Rxc3 31. Nxe5 Nd3 32. Ra2 Nxe5 33. Kg2
Rb3 34. Bd4 Nd3 35. Rd2 a3 36. Ra2 Nc1 37. Ra1 a2 38. Rxc1 Rb1 39. Rc2 a1=Q 40.
Bxa1 Rbxa1 41. Kf3 R1a3+ 42. Kf4 R3a4 43. Re2 Re8 44. h4 Kf7 45. g4 Re7 46. Re3
Ke8 47. g5 Kd7 48. Kf5 Kc6 49. Rc3+ Kb5 0-1

[Event "DVM U12 2013"]
[Site "Lichtenfels-Schney GER"]
[Date "2013.12.29"]
[Round "6"]
[White "Kalina, Joshua"]
[Black "Wanke, Mathis"]
[Result "0-1"]
[Termination "normal"]
[Board "4.4"]
[WhiteElo "1111"]
[BlackElo "1326"]
[WhiteTeam "Schachunion Berlin"]
[BlackTeam "SK Blauer Springer Paderborn"]
[BlackFideId "16217578"]
[EventCountry "GER"]
[EventRounds "7"]
[EventType "team-swiss"]
[EventDate "2013.12.26"]

1. e4 c5 2. Nf3 d6 3. Bc4 e6 4. Nc3 Nc6 5. d3 g6 6. Be3 Bg7 7. Qd2 Nge7 8.
O-O-O d5 9. exd5 exd5 10. Bxc5 dxc4 11. dxc4 Qxd2+ 12. Rxd2 O-O 13. Kb1 Re8 14.
Nb5 Bh6 15. Rdd1 Bf4 16. g3 Bb8 17. Bd6 a6 18. Nc3 Bg4 19. Rd3 Bxd6 20. Ne4
Bxf3 21. Nf6+ Kf8 22. Nxe8 Bxh1 23. Nxd6 Rd8 24. Nxb7 Rxd3 25. cxd3 Nd4 26. Nc5
a5 27. Kc1 Nec6 28. Kd2 Nf3+ 29. Kc3 Nxh2 30. a3 Ke7 31. b4 axb4+ 32. axb4 Kd6
33. d4 Ng4 34. d5 Ne7 35. Kd4 Nxd5 36. cxd5 Bxd5 37. f4 Kc6 38. b5+ Kd6 39. b6
Bf3 40. b7 Kc7 41. Kd3 Bxb7 42. Nxb7 Kxb7 43. Ke4 Kc6 44. Kf3 f5 45. Kg2 Kd5
46. Kh3 Ke4 47. Kh4 Kf3 48. Kh3 Kf2 49. Kh4 Kg2 50. Kg5 Nh2 51. Kh6 Kxg3 52.
Kxh7 Kxf4 53. Kxg6 Kg4 54. Kf6 f4 55. Ke5 f3 56. Ke4 f2 57. Ke3 f1=Q 58. Kd4
Qb5 59. Ke4 Qd7 60. Ke5 Nf3+ 61. Kf6 Qe8 62. Kg7 Kg5 63. Kh7 Kf6 64. Kh6 Qg6#
0-1

[Event "DVM U12 2013"]
[Site "Lichtenfels-Schney GER"]
[Date "2013.12.29"]
[Round "6"]
[White "Nguyen, Anh Van"]
[Black "Weimert, Miriam"]
[Result "1-0"]
[Termination "normal"]
[Board "5.1"]
[WhiteElo "1610"]
[BlackElo "1390"]
[WhiteTeam "USV Potsdam"]
[BlackTeam "SG Turm Leipzig"]
[WhiteFideId "12908223"]
[BlackFideId "12966703"]
[EventCountry "GER"]
[EventRounds "7"]
[EventType "team-swiss"]
[EventDate "2013.12.26"]

1. d4 Nf6 2. c4 e5 3. dxe5 Ng4 4. Nf3 Nc6 5. Nc3 Bc5 6. e3 Ngxe5 7. a3 a5 8.
Be2 O-O 9. Nd4 d6 10. O-O Be6 11. Nxe6 fxe6 12. Qc2 Qh4 13. Ne4 Ba7 14. g3 Qh6
15. f4 Nd7 16. Nf2 e5 17. Bg4 Nf6 18. Be6+ Kh8 19. Nh3 Nd8 20. Ng5 exf4 21.
gxf4 Nxe6 22. Nxe6 Rf7 23. Ng5 Re7 24. Rf3 Rf8 25. Rh3 Nh5 26. c5 Bxc5 27.
Qxh7+ Qxh7 28. Nxh7 Kxh7 29. Rxh5+ Kg8 30. Rxc5 dxc5 31. Kf2 g5 32. Bd2 gxf4
33. exf4 b6 34. Rg1+ Rg7 35. Re1 Rd7 36. Rg1+ Kf7 37. Bc3 Rg8 38. Rh1 b5 39.
Bxa5 c6 40. h4 Kg7 41. Rc1 c4 42. Rh1 Kh6 43. Bc3 Rf7 44. Ke3 Kh5 45. Rf1 Rg3+
46. Ke4 Re7+ 47. Kd4 Rd3+ 48. Kc5 Re6 49. f5 Rd5+ 50. Kb6 Re7 51. Kxc6 Rdd7 52.
f6 Rf7 53. Kxb5 Rc7 54. Rf4 Rc8 55. Rf5+ Kxh4 56. Rc5 Rb7+ 57. Kxc4 Rxc5+ 58.
Kxc5 Kg5 59. a4 Kg6 60. a5 1-0

[Event "DVM U12 2013"]
[Site "Lichtenfels-Schney GER"]
[Date "2013.12.29"]
[Round "6"]
[White "Lieberwirth, Kasimir"]
[Black "Shevelko, Alexander"]
[Result "0-1"]
[Termination "normal"]
[Board "5.2"]
[WhiteElo "1457"]
[BlackElo "1556"]
[WhiteTeam "SG Turm Leipzig"]
[BlackTeam "USV Potsdam"]
[WhiteFideId "12988146"]
[BlackFideId "12952125"]
[EventCountry "GER"]
[EventRounds "7"]
[EventType "team-swiss"]
[EventDate "2013.12.26"]

1. e4 d6 2. d4 Nf6 3. Nc3 c6 4. Bd3 e5 5. Nge2 Be7 6. f4 O-O 7. Be3 Ng4 8. Bd2
exd4 9. Na4 b5 10. f5 Ne5 11. O-O bxa4 12. Qe1 Nbd7 13. Qg3 Kh8 14. Qh3 Nxd3
15. cxd3 Ne5 16. Nxd4 Ba6 17. Ne2 Bxd3 18. Nf4 Bxf1 19. Rc1 Bb5 0-1

[Event "DVM U12 2013"]
[Site "Lichtenfels-Schney GER"]
[Date "2013.12.29"]
[Round "6"]
[White "Röhr, Tobias"]
[Black "Kreicarek, Tobias"]
[Result "1/2-1/2"]
[Termination "normal"]
[Board "5.3"]
[WhiteElo "1552"]
[BlackElo "1337"]
[WhiteTeam "USV Potsdam"]
[BlackTeam "SG Turm Leipzig"]
[WhiteFideId "12963089"]
[BlackFideId "16255909"]
[EventCountry "GER"]
[EventRounds "7"]
[EventType "team-swiss"]
[EventDate "2013.12.26"]

1. d4 d5 2. c4 e5 3. dxe5 d4 4. Nf3 Nc6 5. g3 Bg4 6. Bg2 f6 7. Qa4 Qd7 8. exf6
Nxf6 9. O-O O-O-O 10. Rd1 Bc5 11. a3 h5 12. b4 Be7 13. b5 Nb8 14. Ne5 Qe6 15.
Bf4 g5 16. Qxa7 Qb6 17. Qxb6 cxb6 18. Bxg5 Rhg8 19. Bxf6 Bxf6 20. Nxg4 hxg4 21.
Rd3 Nd7 22. Ra2 Nc5 23. Rd1 Rge8 24. h3 gxh3 25. Bxh3+ Kc7 26. Bf5 Rh8 27. Nd2
Na4 28. Ne4 Nc3 29. Nxc3 dxc3 30. Rxd8 Rxd8 31. Bd3 Bd4 32. Kg2 Rf8 33. f3 Rg8
34. Ra1 Be5 35. g4 Kd6 36. Rh1 Rg7 37. Rh6+ Kc7 38. Kh3 Rd7 39. Kh4 Rxd3 40.
exd3 c2 41. Re6 c1=Q 42. Rxe5 Qh6+ 43. Rh5 Qf6+ 44. g5 Qf4+ 45. Kh3 Qxf3+ 46.
Kh4 Qxd3 47. Rh6 Qxc4+ 48. Kh5 Qf7+ 49. Kg4 Qd7+ 50. Kf4 Qd4+ 1/2-1/2

[Event "DVM U12 2013"]
[Site "Lichtenfels-Schney GER"]
[Date "2013.12.29"]
[Round "6"]
[White "Buschmann, Julius"]
[Black "Hausdorf, Lars"]
[Result "1/2-1/2"]
[Termination "normal"]
[Board "5.4"]
[WhiteElo "1230"]
[BlackElo "1344"]
[WhiteTeam "SG Turm Leipzig"]
[BlackTeam "USV Potsdam"]
[WhiteFideId "16255895"]
[BlackFideId "16200390"]
[EventCountry "GER"]
[EventRounds "7"]
[EventType "team-swiss"]
[EventDate "2013.12.26"]

1. e4 e6 2. d4 d5 3. e5 c5 4. Nf3 Nc6 5. Bb5 Qb6 6. Ba4 Nge7 7. O-O Nf5 8. c3
cxd4 9. cxd4 Be7 10. Nc3 O-O 11. Ne2 f6 12. Bxc6 bxc6 13. b3 Ba6 14. Re1 fxe5
15. dxe5 c5 16. Nf4 d4 17. Bb2 Rfd8 18. Rc1 Rd7 19. Nd3 Rc8 20. Ba3 Qb5 21. Nf4
Kf7 22. Rc4 Qb6 23. Rc2 d3 24. Rc3 Rcd8 25. Qd2 Qa5 26. Bc1 c4 27. a3 h6 28.
bxc4 Rc7 29. Rxd3 Qxd2 30. Nxd2 Rxd3 31. Nxd3 Bxc4 32. Nxc4 Rxc4 33. Bb2 Rc8
34. Rc1 Rd8 35. Nf4 Bg5 36. g3 Bxf4 37. gxf4 Rd7 38. Bc3 Kg6 39. Kg2 Rc7 40.
Bd2 Rd7 41. Bb4 Rf7 42. Ba5 Rd7 43. Rc7 Rxc7 44. Bxc7 Kf7 45. Kh3 h5 46. Kg2
Ke7 47. Kf3 Kd7 48. Ba5 Kc6 49. Ke4 Kb5 50. Bb4 Kc4 51. Bd6 g6 1/2-1/2

[Event "DVM U12 2013"]
[Site "Lichtenfels-Schney GER"]
[Date "2013.12.29"]
[Round "6"]
[White "Kowalski, Ben Wito"]
[Black "Wiesner, Alexander"]
[Result "1/2-1/2"]
[Termination "normal"]
[Board "6.1"]
[WhiteElo "1721"]
[BlackElo "1728"]
[WhiteTeam "Stader SV"]
[BlackTeam "Karlsruher SF 1853"]
[WhiteFideId "12956171"]
[BlackFideId "12943991"]
[EventCountry "GER"]
[EventRounds "7"]
[EventType "team-swiss"]
[EventDate "2013.12.26"]

1. e4 e6 2. d4 d5 3. exd5 exd5 4. Bd3 Bd6 5. Nf3 Nf6 6. O-O O-O 7. Nc3 c6 8.
Re1 Bg4 9. h3 Bh5 10. Bf5 Bg6 11. Bxg6 hxg6 12. Bg5 Nbd7 13. Ne2 Qc7 14. Nc1
Rfe8 15. Nd3 Ne4 16. Be3 f6 17. Nd2 f5 18. Nf3 f4 19. Bd2 g5 20. Nh2 Ndf6 21.
Ng4 Nxg4 22. Qxg4 Nxd2 23. f3 Nc4 24. Qxg5 Rxe1+ 25. Rxe1 Rf8 26. Re6 Qd7 27.
Qg6 Be7 28. b3 Ne3 29. Ne5 Qc7 30. Rxc6 bxc6 31. Qe6+ Kh7 32. Qg6+ Kh8 33. Qh5+
Kg8 34. Ng6 Rf6 35. Qh8+ Kf7 36. Ne5+ Ke6 37. Qg8+ Kd6 38. c4 Qd8 0-1

[Event "DVM U12 2013"]
[Site "Lichtenfels-Schney GER"]
[Date "2013.12.29"]
[Round "6"]
[White "Koll, Lukas"]
[Black "Hammann, Moritz"]
[Result "0-1"]
[Termination "normal"]
[Board "6.2"]
[WhiteElo "1602"]
[BlackElo "1321"]
[WhiteTeam "Karlsruher SF 1853"]
[BlackTeam "Stader SV"]
[WhiteFideId "12969737"]
[BlackFideId "12982040"]
[EventCountry "GER"]
[EventRounds "7"]
[EventType "team-swiss"]
[EventDate "2013.12.26"]

1. d4 d5 2. Nf3 Nf6 3. c4 e6 4. e3 Nc6 5. Nc3 Bd7 6. cxd5 exd5 7. Bd3 a6 8. Bd2
Bd6 9. Ne2 O-O 10. O-O Re8 11. Ng3 Ne7 12. Re1 c6 13. Qb3 Rb8 14. Bb4 Qc7 15.
Bxd6 Qxd6 16. Ne5 Be6 17. Qc2 Ng6 18. f4 Ne7 19. Bf5 g6 20. Bxe6 Qxe6 21. e4
Nd7 22. f5 Qd6 23. fxg6 fxg6 24. Nxd7 Qxd7 25. e5 Qe6 26. Rf1 Rf8 27. Qc5 b6
28. Qa3 a5 29. Qb3 Nf5 30. Nxf5 Rxf5 31. Rxf5 Qxf5 32. Rf1 Qe4 33. Qc3 Rc8 34.
Kh1 c5 35. dxc5 Rxc5 36. Qf3 Qxf3 37. gxf3 Kf7 38. Kg2 Rc2+ 39. Rf2 Rxf2+ 40.
Kxf2 g5 41. Ke3 Ke6 42. Kd4 h6 43. b3 h5 44. a3 g4 45. f4 h4 46. Ke3 Kf5 47. a4
Ke6 48. Ke2 d4 0-1

[Event "DVM U12 2013"]
[Site "Lichtenfels-Schney GER"]
[Date "2013.12.29"]
[Round "6"]
[White "Bargsten, Justus"]
[Black "Koll, Linus"]
[Result "0-1"]
[Termination "normal"]
[Board "6.3"]
[WhiteElo "1297"]
[BlackElo "1210"]
[WhiteTeam "Stader SV"]
[BlackTeam "Karlsruher SF 1853"]
[WhiteFideId "12974188"]
[BlackFideId "12990299"]
[EventCountry "GER"]
[EventRounds "7"]
[EventType "team-swiss"]
[EventDate "2013.12.26"]

1. e4 e5 2. Nf3 Nc6 3. d4 exd4 4. Nxd4 Bc5 5. Be3 Qf6 6. Nb5 Bxe3 7. fxe3 Qe5
8. N1c3 a6 9. Nd4 d6 10. Qd2 Be6 11. Be2 Nf6 12. Bf3 h6 13. a3 d5 14. Nxe6 fxe6
15. exd5 exd5 16. Nxd5 Rd8 17. Nxf6+ Qxf6 18. Bxc6+ Qxc6 19. Qe2 O-O 20. Rf1
Rxf1+ 21. Kxf1 Qf6+ 22. Ke1 Qxb2 23. Qc4+ Kh8 24. Qa2 Qc3+ 25. Ke2 Rd2+ 26. Kf3
Qf6+ 27. Ke4 Qc6+ 28. Ke5 Qf6+ 29. Ke4 Qe7+ 30. Kf3 Qf6+ 31. Ke4 Qc6+ 32. Ke5
Qf6+ 33. Ke4 g6 34. Rb1 Qf5# 0-1